Sinorhizobium fredii and sinorhizobium meliloti produce structurally conserved lipopolysaccharides and strain-specific K antigens /
Enregistré dans:
| Autres auteurs: | , , , , , |
|---|---|
| Format: | Article |
| Langue: | English |
| Sujets: | |
| Tags: |
Ajouter un tag
Pas de tags, Soyez le premier à ajouter un tag!
|
| Thư viện lưu trữ: | Thư viện Trường Đại học Đà Lạt |
|---|
| LEADER | 01159nam a2200373 4500 | ||
|---|---|---|---|
| 001 | DLU090091978 | ||
| 005 | ##20091201 | ||
| 040 | # | # | |a DLU |b eng |
| 041 | # | # | |a eng |
| 044 | # | # | |a us |
| 245 | # | # | |a Sinorhizobium fredii and sinorhizobium meliloti produce structurally conserved lipopolysaccharides and strain-specific K antigens / |c Bradley L. Reuhs ... [et al.]. |
| 653 | # | # | |a Bacteria |
| 653 | # | # | |a Chemical composition |
| 653 | # | # | |a K antigens |
| 653 | # | # | |a Lipopolysaccharide |
| 653 | # | # | |a Polysaccharide |
| 653 | # | # | |a Strain specificity |
| 653 | # | # | |a Symbiosis |
| 700 | # | # | |a . Reuhs, Bradley L |
| 700 | # | # | |a Fox, Jennifer E. |
| 700 | # | # | |a Geller, Daniel P. |
| 700 | # | # | |a Kim, John S. |
| 700 | # | # | |a Kolli, V. S. Kumar. |
| 700 | # | # | |a Pueppke, Steven G. |
| 773 | # | # | |t Applied and Environmental Microbiology |g Vol. 64, no. 12 (December 1998), p. 4930-4938 |
| 920 | # | # | |a Phòng Tạp chí -- Trung tâm Thông tin - Thư viện Trường Đại học Đà Lạt |
| 994 | # | # | |a DLU |
| 900 | # | # | |a True |
| 911 | # | # | |a Trương Bảo Trâm Anh |
| 925 | # | # | |a G |
| 926 | # | # | |a A |
| 927 | # | # | |a BB |
| 980 | # | # | |a Thư viện Trường Đại học Đà Lạt |